Logo Biblioteca

Michaelis (Registro nro. 161)

Detalles MARC
000 -LEADER
fixed length control field 00423nam a22001697a 4500
003 - CONTROL NUMBER IDENTIFIER
control field OSt
005 - DATE AND TIME OF LATEST TRANSACTION
control field 20231214140537.0
008 - FIXED-LENGTH DATA ELEMENTS--GENERAL INFORMATION
fixed length control field 231214s1999 ||||| |||| 00| 0 d
020 ## - INTERNATIONAL STANDARD BOOK NUMBER
International Standard Book Number 8506013445
040 ## - CATALOGING SOURCE
Transcribing agency besoc
100 ## - MAIN ENTRY--PERSONAL NAME
Personal name Helena BC Pereyra
Relator term autor
245 ## - TITLE STATEMENT
Title Michaelis
Remainder of title Pequeño diccionario- Espanhol-Portugues
260 ## - PUBLICATION, DISTRIBUTION, ETC.
Place of publication, distribution, etc. Brasil
Date of publication, distribution, etc. 1999
300 ## - PHYSICAL DESCRIPTION
Extent 632 p.
700 ## - ADDED ENTRY--PERSONAL NAME
Personal name Signer, Rena
Relator term autor
942 ## - ADDED ENTRY ELEMENTS (KOHA)
Source of classification or shelving scheme Universal Decimal Classification
Koha item type Libro de préstamo a domicilio
Suppress in OPAC No

No hay ítems disponibles.

Biblioteca de la Escuela Preuniversitaria en Ciencias Sociales y Humanísticas.
Riobamba 250 bis.
CP 2000 - Rosario - Santa Fe
E-Mail: biblioteca@esociales.unr.edu.ar